Implementácia riešení business intelligence

Správne a včasné rozhodnutie manažérov a ich vplyv na dosiahnutie kľúčových cieľov podniku v zložitých konkurenčných podmienkach. Business intelligence a oblasti podnikového riadenia. Úspešná implementácia BI v podnikoch. Prínosy business intelligence pre výkonnosť podniku a jeho riadenie.

Gespeichert in:
Bibliographische Detailangaben
1. Verfasser: Kokles, Mojmír
Weitere Verfasser: Hamranová, Anna, 1957-
Format: Buchkapitel
Sprache:Slowakisch
Schlagworte:
Tags: Tag hinzufügen
Keine Tags, Fügen Sie das erste Tag hinzu!

MARC

LEADER 00000nla$a2200000$$$4500
001 0124531
005 20240502072417.5
041 0 |a slo 
044 |a SK 
245 1 0 |a Implementácia riešení business intelligence  |c Mojmír Kokles, Anna Hamranová 
520 |a Správne a včasné rozhodnutie manažérov a ich vplyv na dosiahnutie kľúčových cieľov podniku v zložitých konkurenčných podmienkach. Business intelligence a oblasti podnikového riadenia. Úspešná implementácia BI v podnikoch. Prínosy business intelligence pre výkonnosť podniku a jeho riadenie. 
610 2 0 |a manažment 
610 2 0 |a manažment znalostný 
610 2 0 |a manažment informačný 
610 2 0 |a manažment komunikačný 
610 2 0 |a riadenie ľudských zdrojov 
610 2 0 |a formy riadenia 
610 2 0 |a riadenie vrcholové 
610 2 0 |a procesy podnikové 
610 2 0 |a ciele riadenia 
100 1 |a Kokles, Mojmír 
700 1 |a Hamranová, Anna, 1957-